Rozpoznaj miasto po tablicy rejestracyjnej woj.pomorskie - Statystyki

Ogólne statystyki
  • Ten quiz został rozwiązany 292 razy
  • Średni wynik to 12 z 20
Statystyki odpowiedzi
Rejestracja Miasto / powiat Odpowiedź % Poprawnych
GD Miasto Gdańsk
100%
GA Miasto Gdynia
95%
GSP Miasto Sopot
84%
GS Miasto Słupsk
76%
GDA powiat gdański
63%
GMB powiat malborski
63%
GCH powiat chojnicki
62%
GBY powiat bytowski
60%
GLE powiat lęborski
60%
GWO /  GWE powiat wejherowski
59%
GTC powiat tczewski
58%
GPU powiat pucki
57%
GKA powiat kartuski
53%
GST powiat starogardzki
53%
GCZ powiat człuchowski
50%
GSL powiat słupski
49%
GKW powiat kwidzyński
47%
GND powiat nowodworski
44%
GKS powiat kościerski
41%
GSZ powiat sztumski
34%
Nie znaleziono quizów pasujących do podanych kryteriów
Rozkład punktacji
Procent ludzi z każdym wynikiem
Percentyl według liczby udzielonych odpowiedzi
Twoja historia wyników
Nie rozwiązałeś tego quizu